[Event "CAN-op U1600 (Pinnacle 48th CAN Op Ch)"]
[Site "Toronto CAN"]
[Date "2011.07.17"]
[Round "9"]
[White "Termeer, Ted"]
[Black "Cui, Gordon"]
[Result "1-0"]
[WhiteElo "1403"]
[BlackElo "1303"]
[PlyCount "89"]
[GameId "2160767909707715"]
[EventDate "2011.07.09"]
[EventType "swiss"]
[EventRounds "9"]
[EventCountry "CAN"]
[SourceTitle "EXT 2022"]
[Source "ChessBase"]
[SourceDate "2021.10.06"]
[SourceVersion "1"]
[SourceVersionDate "2021.10.06"]
[SourceQuality "1"]

1. Nf3 Nc6 2. d4 d5 3. e3 Bg4 4. Be2 Nf6 5. Nc3 e6 6. a3 Bd6 7. Nb5 Ne4 8. Nxd6+ Qxd6 9. c3 O-O 10. Nd2 Bf5 11. f3 Nxd2 12. Bxd2 Na5 13. b4 Nc4 14. Bxc4 dxc4 15. e4 Bg6 16. O-O e5 17. d5 Rad8 18. Be3 Qe7 19. Bc5 Qg5 20. Bxf8 Kxf8 21. Qe2 b5 22. a4 a6 23. axb5 axb5 24. Rfd1 Qf6 25. Ra5 Qb6+ 26. Qf2 Qxf2+ 27. Kxf2 c6 28. d6 Ke8 29. Ra7 f5 30. Re7+ Kf8 31. Rxe5 fxe4 32. fxe4 Kf7 33. Ke3 Kf6 34. Rc5 Rf8 35. Rd4 Bf7 36. Rxc6 Be6 37. d7 Rd8 38. Rb6 Ke7 39. Rxb5 Bxd7 40. Rg5 g6 41. Rxc4 Be6 42. Rc7+ Kf8 43. Rgc5 h5 44. b5 g5 45. b6 1-0

[Event "CAN-op U1600 (Pinnacle 48th CAN Op Ch)"]
[Site "Toronto CAN"]
[Date "2011.07.17"]
[Round "9"]
[White "Tismenko, Tetyana"]
[Black "Cabioc, Jose"]
[Result "1-0"]
[WhiteElo "1297"]
[BlackElo "1538"]
[PlyCount "63"]
[GameId "2160767909707717"]
[EventDate "2011.07.09"]
[EventType "swiss"]
[EventRounds "9"]
[EventCountry "CAN"]
[SourceTitle "EXT 2022"]
[Source "ChessBase"]
[SourceDate "2021.10.06"]
[SourceVersion "1"]
[SourceVersionDate "2021.10.06"]
[SourceQuality "1"]

1. e4 c5 2. Nc3 d6 3. g3 Nc6 4. Bg2 Nf6 5. h3 e6 6. Nge2 Be7 7. O-O O-O 8. d3 e5 9. f4 Be6 10. f5 Bd7 11. g4 h6 12. g5 hxg5 13. Bxg5 Nd4 14. Bxf6 Bxf6 15. Nxd4 exd4 16. Nd5 Be5 17. Qh5 f6 18. Bf3 Be8 19. Qh4 Bf7 20. Bh5 Bxh5 21. Qxh5 Rc8 22. Kh1 Qe8 23. Qh4 c4 24. Rf2 cxd3 25. cxd3 Rf7 26. Rg1 Qb5 27. Rfg2 Qxd3 28. Rxg7+ Rxg7 29. Ne7+ Kf8 30. Qh5 Rg6 31. Qxg6 Kxe7 32. Qh7+ 1-0

[Event "CAN-op U1600 (Pinnacle 48th CAN Op Ch)"]
[Site "Toronto CAN"]
[Date "2011.07.17"]
[Round "9"]
[White "Xu, Jeffrey"]
[Black "Rogers, Michael"]
[Result "1-0"]
[WhiteElo "1275"]
[BlackElo "1541"]
[PlyCount "103"]
[GameId "2160767909707718"]
[EventDate "2011.07.09"]
[EventType "swiss"]
[EventRounds "9"]
[EventCountry "CAN"]
[SourceTitle "EXT 2022"]
[Source "ChessBase"]
[SourceDate "2021.10.06"]
[SourceVersion "1"]
[SourceVersionDate "2021.10.06"]
[SourceQuality "1"]

1. e4 e5 2. Nf3 Nc6 3. Bb5 f5 4. d3 fxe4 5. dxe4 Nf6 6. O-O Bc5 7. c3 O-O 8. Qb3+ Kh8 9. Bxc6 bxc6 10. Nxe5 Qe7 11. Nd3 Bb6 12. Qc2 Nxe4 13. Be3 Bxe3 14. fxe3 Rxf1+ 15. Kxf1 Qf7+ 16. Kg1 d5 17. Nd2 Ba6 18. Rf1 Qe7 19. Re1 Rf8 20. Nf3 c5 21. a3 Ng5 22. Nde5 Nxf3+ 23. Nxf3 c6 24. Qd2 g5 25. h3 h5 26. Nh2 Qe4 27. Qd1 g4 28. hxg4 hxg4 29. Qxg4 Qxg4 30. Nxg4 Re8 31. Kf2 d4 32. cxd4 cxd4 33. exd4 Rd8 34. Ke3 Re8+ 35. Kd2 Rxe1 36. Kxe1 Kg7 37. Kd2 Bc4 38. Ne3 Be6 39. Kd3 a6 40. Nc2 a5 41. b4 axb4 42. Nxb4 Bd7 43. a4 c5 44. dxc5 Bxa4 45. c6 Bb3 46. Kd4 Be6 47. Ke5 Kf7 48. Nd5 Bg4 49. c7 Kg6 50. Ne7+ Kg5 51. Ke4 Kh4 52. Nf5+ 1-0

[Event "CAN-op U2000 (Pinnacle 48th CAN Op Ch)"]
[Site "Toronto CAN"]
[Date "2011.07.09"]
[Round "1"]
[White "Cooke, Matthew W"]
[Black "Philip, Andrew"]
[Result "0-1"]
[WhiteElo "1799"]
[BlackElo "1596"]
[PlyCount "76"]
[GameId "2160767909707719"]
[EventDate "2011.07.09"]
[EventType "swiss"]
[EventRounds "9"]
[EventCountry "CAN"]
[SourceTitle "EXT 2022"]
[Source "ChessBase"]
[SourceDate "2021.10.06"]
[SourceVersion "1"]
[SourceVersionDate "2021.10.06"]
[SourceQuality "1"]

1. Nf3 Nf6 2. b3 g6 3. Bb2 Bg7 4. g3 d5 5. Bg2 O-O 6. d4 c6 7. Nbd2 Nbd7 8. O-O Qc7 9. c4 e6 10. Re1 b6 11. e4 dxe4 12. Nxe4 Nxe4 13. Rxe4 Bb7 14. Re2 Rad8 15. Qc2 Rfe8 16. Rae1 Nf6 17. Ne5 Nd7 18. Nxd7 Rxd7 19. Qe4 Qd8 20. Rd1 c5 21. d5 Bxb2 22. Rxb2 exd5 23. Qd3 d4 24. Bxb7 Rxb7 25. b4 Rbe7 26. bxc5 bxc5 27. Qa3 Qa8 28. Rbb1 Qc6 29. Qa5 Rc8 30. Rb5 Qd6 31. Rdb1 d3 32. Rd1 Qd4 33. Qa6 Rce8 34. Rbb1 Re2 35. Rf1 d2 36. Qa4 Re1 37. Rd1 Rxf1+ 38. Kxf1 Qd3+ 0-1

[Event "CAN-op U2000 (Pinnacle 48th CAN Op Ch)"]
[Site "Toronto CAN"]
[Date "2011.07.09"]
[Round "1"]
[White "Doknjas, John"]
[Black "Triefeldt, Jack"]
[Result "1-0"]
[WhiteElo "1997"]
[BlackElo "1714"]
[PlyCount "99"]
[GameId "2160767909707720"]
[EventDate "2011.07.09"]
[EventType "swiss"]
[EventRounds "9"]
[EventCountry "CAN"]
[SourceTitle "EXT 2022"]
[Source "ChessBase"]
[SourceDate "2021.10.06"]
[SourceVersion "1"]
[SourceVersionDate "2021.10.06"]
[SourceQuality "1"]

1. d4 d5 2. c4 c6 3. Nf3 Nf6 4. Nc3 g6 5. Bg5 Bg7 6. e3 O-O 7. Rc1 dxc4 8. Bxc4 Bg4 9. h3 Bxf3 10. Qxf3 Nbd7 11. O-O Qa5 12. Bh4 e6 13. Rfd1 Qh5 14. Qxh5 Nxh5 15. e4 Nb6 16. Bb3 Bf6 17. Bxf6 Nxf6 18. a4 a5 19. g4 g5 20. d5 exd5 21. exd5 cxd5 22. Nxd5 Nfxd5 23. Bxd5 Nxa4 24. b3 Nb6 25. Bxb7 Rad8 26. Rxd8 Rxd8 27. Rc5 Rb8 28. Rxg5+ Kf8 29. Be4 Nd7 30. Bc2 Rc8 31. Bxh7 Nf6 32. Bd3 Rc3 33. Bf1 Rxb3 34. Rxa5 Ne4 35. Be2 Nd6 36. Ra4 Rb1+ 37. Kg2 Kg7 38. h4 f6 39. Bd3 Rb7 40. Rd4 Nf7 41. Bf5 Ra7 42. Be6 Re7 43. Bxf7 Kxf7 44. Kg3 Kg6 45. Rd6 Kg7 46. g5 fxg5 47. hxg5 Re1 48. f4 Rg1+ 49. Kf3 Rf1+ 50. Kg4 1-0

[Event "CAN-op U2000 (Pinnacle 48th CAN Op Ch)"]
[Site "Toronto CAN"]
[Date "2011.07.09"]
[Round "1"]
[White "Fletcher, David"]
[Black "Bergeron, Florian"]
[Result "1-0"]
[WhiteElo "1449"]
[BlackElo "1728"]
[PlyCount "96"]
[GameId "2160767909707721"]
[EventDate "2011.07.09"]
[EventType "swiss"]
[EventRounds "9"]
[EventCountry "CAN"]
[SourceTitle "EXT 2022"]
[Source "ChessBase"]
[SourceDate "2021.10.06"]
[SourceVersion "1"]
[SourceVersionDate "2021.10.06"]
[SourceQuality "1"]

1. e4 e6 2. c4 d5 3. cxd5 exd5 4. exd5 Qxd5 5. Nf3 Nf6 6. Nc3 Qd8 7. Bc4 Qe7+ 8. Ne2 Be6 9. b3 Bxc4 10. bxc4 Qd8 11. O-O Be7 12. Rb1 b6 13. Rb3 O-O 14. Ba3 Bxa3 15. Rxa3 Qd6 16. Qb3 Nc6 17. Qd3 Qxd3 18. Rxd3 Rad8 19. Rxd8 Rxd8 20. Nc3 a6 21. Rd1 Nd4 22. Nxd4 Rxd4 23. d3 Kf8 24. Kf1 Nd7 25. Ne2 Rd6 26. Ke1 Ne5 27. Nc1 c5 28. f4 Nc6 29. a3 Nd4 30. Kd2 Rf6 31. Rf1 g5 32. g3 gxf4 33. gxf4 Rh6 34. Rf2 Rxh2 35. Rxh2 Nf3+ 36. Ke2 Nxh2 37. a4 Ng4 38. Kf3 f5 39. Ne2 Nf6 40. Ng3 Kf7 41. Nxf5 Ke6 42. Nh6 Kd6 43. Ke3 Ke6 44. Kf3 Ne8 45. Kg4 Ke7 46. Nf5+ Ke6 47. Ne3 Nd6 48. Nd5 Nf7 1-0

[Event "CAN-op U2000 (Pinnacle 48th CAN Op Ch)"]
[Site "Toronto CAN"]
[Date "2011.07.09"]
[Round "1"]
[White "Jarve, Jaak"]
[Black "Tahiliani, Manoj"]
[Result "0-1"]
[WhiteElo "1740"]
[BlackElo "1511"]
[PlyCount "72"]
[GameId "2160767909707722"]
[EventDate "2011.07.09"]
[EventType "swiss"]
[EventRounds "9"]
[EventCountry "CAN"]
[SourceTitle "EXT 2022"]
[Source "ChessBase"]
[SourceDate "2021.10.06"]
[SourceVersion "1"]
[SourceVersionDate "2021.10.06"]
[SourceQuality "1"]

1. e4 c6 2. Nf3 d5 3. e5 Bf5 4. d4 e6 5. Bd3 Bg4 6. h3 Bh5 7. g4 Bg6 8. Bxg6 hxg6 9. Qd3 a6 10. Ng5 Nh6 11. Nxe6 fxe6 12. Qxg6+ Kd7 13. Bg5 Qb6 14. Bxh6 Rxh6 15. Qf7+ Be7 16. Qxg7 Rh4 17. Nd2 Qxd4 18. O-O-O c5 19. Kb1 Qf4 20. f3 Nc6 21. Ne4 Qxe5 22. Nxc5+ Kd6 23. Nxe6 Qxe6 24. c4 d4 25. Rhe1 Qf6 26. Rxe7 Qxe7 27. Qg6+ Qe6 28. Qg5 Rxh3 29. c5+ Kc7 30. Qf4+ Qe5 31. Qf7+ Ne7 32. b4 Rd8 33. c6 bxc6 34. Qc4 Nd5 35. Rc1 Nc3+ 36. Ka1 Rh2 0-1

[Event "CAN-op U2000 (Pinnacle 48th CAN Op Ch)"]
[Site "Toronto CAN"]
[Date "2011.07.09"]
[Round "1"]
[White "Jubenville, Mark"]
[Black "Allen, Ted"]
[Result "1-0"]
[WhiteElo "1790"]
[BlackElo "1564"]
[PlyCount "39"]
[GameId "2160767909707723"]
[EventDate "2011.07.09"]
[EventType "swiss"]
[EventRounds "9"]
[EventCountry "CAN"]
[SourceTitle "EXT 2022"]
[Source "ChessBase"]
[SourceDate "2021.10.06"]
[SourceVersion "1"]
[SourceVersionDate "2021.10.06"]
[SourceQuality "1"]

1. d4 d5 2. Bf4 Nc6 3. e3 Bf5 4. c3 e6 5. Nf3 Bd6 6. Ne5 Nxe5 7. dxe5 Bc5 8. Bd3 Ne7 9. h3 O-O 10. Bxf5 Nxf5 11. Nd2 Nh4 12. Qg4 f5 13. exf6 Qxf6 14. O-O-O c6 15. Bg5 Qxf2 16. Bxh4 Qxe3 17. Rhe1 Rf4 18. Bg5 Qxe1 19. Bxf4 Qf2 20. Rf1 1-0

[Event "CAN-op U2000 (Pinnacle 48th CAN Op Ch)"]
[Site "Toronto CAN"]
[Date "2011.07.09"]
[Round "1"]
[White "Marks, Richard"]
[Black "Nickoloff, Steve"]
[Result "1-0"]
[WhiteElo "1632"]
[BlackElo "1872"]
[PlyCount "101"]
[GameId "2160767909707724"]
[EventDate "2011.07.09"]
[EventType "swiss"]
[EventRounds "9"]
[EventCountry "CAN"]
[SourceTitle "EXT 2022"]
[Source "ChessBase"]
[SourceDate "2021.10.06"]
[SourceVersion "1"]
[SourceVersionDate "2021.10.06"]
[SourceQuality "1"]

1. c4 Nf6 2. Nf3 c6 3. Nc3 g6 4. g3 Bg7 5. Bg2 O-O 6. O-O d5 7. cxd5 cxd5 8. d4 Nc6 9. Bf4 Re8 10. Ne5 e6 11. Nxc6 bxc6 12. Be5 Nd7 13. Bxg7 Kxg7 14. e3 Qf6 15. f4 h5 16. Bf3 Rh8 17. h4 Qe7 18. e4 Nb6 19. Re1 Bb7 20. exd5 cxd5 21. Qc2 Qf6 22. Rad1 Rac8 23. a4 a6 24. Qf2 Nc4 25. b3 Nd6 26. Qd2 Rc7 27. Ne2 Rhc8 28. Rc1 Nf5 29. Rxc7 Rxc7 30. Rd1 Qe7 31. Bg2 Qd6 32. Bh3 Ne7 33. Rc1 Rxc1+ 34. Qxc1 Qb6 35. Qc3 Nc6 36. g4 hxg4 37. Bxg4 Qb4 38. Qxb4 Nxb4 39. h5 Nd3 40. Kg2 f5 41. Bf3 Ne1+ 42. Kg3 Nxf3 43. Kxf3 gxh5 44. Kg3 Bc6 45. Kh4 Be8 46. Kg5 Kf8 47. Ng3 Ke7 48. Nxh5 Bxh5 49. Kxh5 Kd6 50. b4 Kc6 51. Kg5 1-0

[Event "CAN-op U2000 (Pinnacle 48th CAN Op Ch)"]
[Site "Toronto CAN"]
[Date "2011.07.09"]
[Round "1"]
[White "O'Sullivan, Patrick"]
[Black "Sly, Douglas"]
[Result "1-0"]
[WhiteElo "1758"]
[BlackElo "1545"]
[PlyCount "35"]
[GameId "2160767909707725"]
[EventDate "2011.07.09"]
[EventType "swiss"]
[EventRounds "9"]
[EventCountry "CAN"]
[SourceTitle "EXT 2022"]
[Source "ChessBase"]
[SourceDate "2021.10.06"]
[SourceVersion "1"]
[SourceVersionDate "2021.10.06"]
[SourceQuality "1"]

1. e4 e6 2. d4 d5 3. Nc3 Be7 4. f4 dxe4 5. Nxe4 Nf6 6. Bd3 O-O 7. Nf3 c5 8. Nxc5 Bxc5 9. dxc5 Qa5+ 10. Bd2 Qxc5 11. Qe2 Nc6 12. O-O-O Re8 13. Bc3 Nd5 14. Bxh7+ Kf8 15. Rxd5 Qxd5 16. Ne5 Nxe5 17. Bb4+ Re7 18. Rd1 1-0

[Event "CAN-op U2000 (Pinnacle 48th CAN Op Ch)"]
[Site "Toronto CAN"]
[Date "2011.07.09"]
[Round "1"]
[White "Perez, Michael"]
[Black "Del Duca, Giuseppe1"]
[Result "0-1"]
[WhiteElo "1728"]
[BlackElo "1374"]
[PlyCount "60"]
[GameId "2160767909707726"]
[EventDate "2011.07.09"]
[EventType "swiss"]
[EventRounds "9"]
[EventCountry "CAN"]
[SourceTitle "EXT 2022"]
[Source "ChessBase"]
[SourceDate "2021.10.06"]
[SourceVersion "1"]
[SourceVersionDate "2021.10.06"]
[SourceQuality "1"]

1. e4 e5 2. d4 Qe7 3. d5 d6 4. Bd3 Nd7 5. f4 a6 6. Nf3 Nc5 7. fxe5 Nxd3+ 8. Qxd3 dxe5 9. O-O Nf6 10. h3 Qd6 11. c4 c5 12. Nc3 Bd7 13. Be3 Be7 14. b4 b6 15. bxc5 bxc5 16. Rab1 O-O 17. Rb7 Rab8 18. Rfb1 Rxb7 19. Rxb7 Rb8 20. Qb1 Rxb7 21. Qxb7 h6 22. a4 Nh7 23. Qa8+ Nf8 24. Qa7 Kh7 25. Nd2 Qg6 26. Kh1 Qg3 27. Nf1 Qe1 28. Bxc5 Bxc5 29. Qxc5 Qxf1+ 30. Kh2 Ng6 0-1

[Event "CAN-op U2000 (Pinnacle 48th CAN Op Ch)"]
[Site "Toronto CAN"]
[Date "2011.07.09"]
[Round "1"]
[White "Renteria, Manuela"]
[Black "Verde, Pino"]
[Result "1/2-1/2"]
[WhiteElo "1922"]
[BlackElo "1660"]
[PlyCount "78"]
[GameId "2160767909707727"]
[EventDate "2011.07.09"]
[EventType "swiss"]
[EventRounds "9"]
[EventCountry "CAN"]
[SourceTitle "EXT 2022"]
[Source "ChessBase"]
[SourceDate "2021.10.06"]
[SourceVersion "1"]
[SourceVersionDate "2021.10.06"]
[SourceQuality "1"]

1. e4 d6 2. Nf3 Nf6 3. Nc3 Bg4 4. Be2 e6 5. d4 Be7 6. Bf4 Nc6 7. Qd2 a6 8. O-O-O Bxf3 9. Bxf3 Nxd4 10. Qxd4 e5 11. Bxe5 dxe5 12. Qxe5 Nd7 13. Qxg7 Bf6 14. Qg3 Bh4 15. Rxd7 Bxg3 16. Rxd8+ Rxd8 17. hxg3 c6 18. Na4 Ke7 19. Nc5 Rb8 20. Rd1 Rhd8 21. Rxd8 Kxd8 22. Kd2 a5 23. Ke3 b6 24. Nd3 f6 25. e5 Ke7 26. exf6+ Kxf6 27. Bxc6 Rc8 28. Ba4 Rc7 29. f4 b5 30. Bxb5 Rxc2 31. Kf3 Rc7 32. Ba4 h6 33. Ne5 Rc1 34. Nc6 Rc4 35. b3 Rc3+ 36. Kg4 Rc2 37. Kf3 Rc3+ 38. Kg4 Rc2 39. Kf3 Rc3+ 1/2-1/2

[Event "CAN-op U2000 (Pinnacle 48th CAN Op Ch)"]
[Site "Toronto CAN"]
[Date "2011.07.09"]
[Round "1"]
[White "Sametova, Zhanna"]
[Black "Poirier, David"]
[Result "1-0"]
[WhiteElo "1647"]
[BlackElo "1906"]
[PlyCount "72"]
[GameId "2160767909707728"]
[EventDate "2011.07.09"]
[EventType "swiss"]
[EventRounds "9"]
[EventCountry "CAN"]
[SourceTitle "EXT 2022"]
[Source "ChessBase"]
[SourceDate "2021.10.06"]
[SourceVersion "1"]
[SourceVersionDate "2021.10.06"]
[SourceQuality "1"]

1. e4 d6 2. d4 Nf6 3. Bd3 e5 4. d5 Be7 5. Nf3 Nbd7 6. c4 Nc5 7. Nc3 Nxd3+ 8. Qxd3 Bd7 9. O-O O-O 10. Bd2 h6 11. Ne1 Nh7 12. f4 exf4 13. Bxf4 Bg5 14. Bxg5 Nxg5 15. Nf3 a6 16. a4 Nxf3+ 17. Qxf3 Qg5 18. Rf2 Rae8 19. Raf1 Re5 20. b4 f5 21. a5 Rf6 22. Qh3 Rf7 23. Qd3 Rfe7 24. Rf3 fxe4 25. Rf8+ Kh7 26. Qc2 Qg6 27. Ne2 Re8 28. Nf4 Qg5 29. Ne6 Qe3+ 30. Kh1 Re7 31. R8f3 Qa7 32. Nf8+ Kg8 33. Rg3 Rf5 34. Rxf5 Bxf5 35. Ng6 Bxg6 36. Qf2 Qxf2 1-0

[Event "CAN-op U2000 (Pinnacle 48th CAN Op Ch)"]
[Site "Toronto CAN"]
[Date "2011.07.09"]
[Round "1"]
[White "Song, Eric"]
[Black "Armstrong, Robert J"]
[Result "1/2-1/2"]
[WhiteElo "1488"]
[BlackElo "1740"]
[PlyCount "71"]
[GameId "2160767909707729"]
[EventDate "2011.07.09"]
[EventType "swiss"]
[EventRounds "9"]
[EventCountry "CAN"]
[SourceTitle "EXT 2022"]
[Source "ChessBase"]
[SourceDate "2021.10.06"]
[SourceVersion "1"]
[SourceVersionDate "2021.10.06"]
[SourceQuality "1"]

1. e4 g6 2. d4 Bg7 3. Nf3 d6 4. h3 Nf6 5. Nc3 O-O 6. Bc4 Nxe4 7. Nxe4 d5 8. Bxd5 Qxd5 9. Nc3 Qa5 10. O-O Nd7 11. Re1 e6 12. a3 b5 13. Bd2 Qb6 14. Ne2 Bb7 15. Bb4 Bxf3 16. gxf3 Rfe8 17. Bc3 Rad8 18. Qc1 Nf6 19. Rd1 a5 20. b4 Qc6 21. Kg2 Nd5 22. Bd2 e5 23. c3 e4 24. fxe4 Rxe4 25. Kf1 Rde8 26. Re1 Qe6 27. Ng3 Rxe1+ 28. Bxe1 Qxh3+ 29. Kg1 Bh6 30. Bd2 Bxd2 31. Qxd2 Qg4 32. Re1 Rxe1+ 33. Qxe1 Kf8 34. bxa5 Qf3 35. Ne2 h5 36. a6 1/2-1/2

[Event "CAN-op U2000 (Pinnacle 48th CAN Op Ch)"]
[Site "Toronto CAN"]
[Date "2011.07.09"]
[Round "1"]
[White "Strugach, Alexander"]
[Black "Gaffney, Kevin"]
[Result "1-0"]
[WhiteElo "1963"]
[BlackElo "1685"]
[PlyCount "61"]
[GameId "2160767909707730"]
[EventDate "2011.07.09"]
[EventType "swiss"]
[EventRounds "9"]
[EventCountry "CAN"]

1. e4 e5 2. Nf3 Nc6 3. Nc3 Nf6 4. Bc4 Nxe4 5. Bxf7+ Kxf7 6. Nxe4 Be7 7. d4 d6 8. d5 Nb8 9. Nfg5+ Kg8 10. O-O h6 11. Ne6 Bxe6 12. dxe6 Qe8 13. f4 exf4 14. Qg4 Nc6 15. Bxf4 Rc8 16. Bg3 Nd8 17. Rf7 Nxf7 18. exf7+ Kxf7 19. Rf1+ Kg8 20. Qe6+ Kh7 21. Rf7 Bd8 22. Qf5+ Kg8 23. Rd7 Rh7 24. h3 g6 25. Qd5+ Rf7 26. Rxf7 Qxf7 27. Qxb7 Qe6 28. Nc3 Qd7 29. Qxa7 Be7 30. Nd5 Bf8 31. Nf6+ 1-0

[Event "CAN-op U2000 (Pinnacle 48th CAN Op Ch)"]
[Site "Toronto CAN"]
[Date "2011.07.09"]
[Round "1"]
[White "Thomson, Bruce"]
[Black "Moran-Venegas, Mario"]
[Result "0-1"]
[WhiteElo "1626"]
[BlackElo "1864"]
[PlyCount "43"]
[GameId "2160767909707731"]
[EventDate "2011.07.09"]
[EventType "swiss"]
[EventRounds "9"]
[EventCountry "CAN"]
[SourceTitle "EXT 2022"]
[Source "ChessBase"]
[SourceDate "2021.10.06"]
[SourceVersion "1"]
[SourceVersionDate "2021.10.06"]
[SourceQuality "1"]

1. d4 Nf6 2. c4 g6 3. Nc3 d5 4. cxd5 Nxd5 5. e4 Nxc3 6. bxc3 Bg7 7. Ne2 c5 8. Be3 O-O 9. g3 Bg4 10. Bg2 Bxe2 11. Kxe2 Qa5 12. Qc2 cxd4 13. Bxd4 Bxd4 14. cxd4 Nc6 15. Rad1 Nb4 16. Qd2 Rac8 17. Rc1 Qa6+ 18. Kf3 Qa3+ 19. Qe3 Qxa2 20. Ra1 Qe6 21. h4 Nc2 22. Bh3 0-1

[Event "CAN-op U2000 (Pinnacle 48th CAN Op Ch)"]
[Site "Toronto CAN"]
[Date "2011.07.09"]
[Round "1"]
[White "Todd, Adie"]
[Black "Leblanc, Paul"]
[Result "0-1"]
[WhiteElo "1665"]
[BlackElo "1924"]
[PlyCount "112"]
[GameId "2160767909707732"]
[EventDate "2011.07.09"]
[EventType "swiss"]
[EventRounds "9"]
[EventCountry "CAN"]
[SourceTitle "EXT 2022"]
[Source "ChessBase"]
[SourceDate "2021.10.06"]
[SourceVersion "1"]
[SourceVersionDate "2021.10.06"]
[SourceQuality "1"]

1. d4 d5 2. c4 c6 3. cxd5 cxd5 4. Nc3 Nc6 5. Bf4 Nf6 6. e3 Bg4 7. Qb3 Qd7 8. Nf3 Bxf3 9. gxf3 e6 10. Bd3 Be7 11. Rc1 O-O 12. O-O Rfd8 13. Na4 Na5 14. Qb5 Qxb5 15. Bxb5 Rdc8 16. Nc5 a6 17. Bd3 Nh5 18. Bg3 Nxg3 19. fxg3 Rc7 20. Rc2 b5 21. b3 Nc6 22. Rfc1 Nb4 23. Rd2 Rac8 24. Bf1 Bxc5 25. dxc5 Rxc5 26. Rxc5 Rxc5 27. e4 Kf8 28. a3 Nc6 29. b4 Rc3 30. exd5 exd5 31. Rxd5 Rxa3 32. Kg2 Nxb4 33. Rd7 Ke8 34. Rd4 Ra2+ 35. Kh3 Nc6 36. Rd6 Ne5 37. Bg2 Nc4 38. Rd3 a5 39. Bf1 Rf2 40. Bg2 a4 41. f4 Rxg2 42. Kxg2 a3 43. Rc3 a2 44. Rc1 b4 45. Kf2 b3 46. Ra1 b2 47. Rxa2 b1=Q 48. Ra8+ Kd7 49. Ra7+ Ke6 50. Ra6+ Nb6 51. g4 Qb5 52. f5+ Ke5 53. Ra7 Qb3 54. Ra5+ Kf4 55. f6 Qb2+ 56. Ke1 Qc3+ 0-1

[Event "CAN-op U2000 (Pinnacle 48th CAN Op Ch)"]
[Site "Toronto CAN"]
[Date "2011.07.09"]
[Round "1"]
[White "Tonakanian, Stephan"]
[Black "Yang, Yimang"]
[Result "1-0"]
[WhiteElo "1974"]
[BlackElo "1706"]
[PlyCount "149"]
[GameId "2160767909707733"]
[EventDate "2011.07.09"]
[EventType "swiss"]
[EventRounds "9"]
[EventCountry "CAN"]
[SourceTitle "EXT 2022"]
[Source "ChessBase"]
[SourceDate "2021.10.06"]
[SourceVersion "1"]
[SourceVersionDate "2021.10.06"]
[SourceQuality "1"]

1. d4 d5 2. Nf3 Nf6 3. g3 c6 4. Bg2 Bf5 5. c4 e6 6. O-O Bd6 7. Nc3 Nbd7 8. Nh4 Bg4 9. Qc2 O-O 10. f3 Bh5 11. e4 dxe4 12. fxe4 e5 13. d5 c5 14. Bg5 h6 15. Bd2 Ne8 16. Rf2 Be7 17. Nf3 Nd6 18. Nb5 f6 19. Nxd6 Bxd6 20. Bh3 Nb6 21. Nh4 Nc8 22. Raf1 Be7 23. a3 Be8 24. Be6+ Kh7 25. Bf5+ Kg8 26. Ng6 Bxg6 27. Bxg6 Nd6 28. Qc1 Nf7 29. Bf5 b6 30. Qd1 Nd6 31. Be6+ Kh7 32. Qg4 Qe8 33. b3 Qg6 34. Qe2 Kh8 35. Re1 Rab8 36. a4 a5 37. Kg2 Rbd8 38. h4 Rb8 39. h5 Qe8 40. Rh1 Kh7 41. Qg4 Rd8 42. Kf1 Rh8 43. Ke2 Rf8 44. Kd3 Rh8 45. Be3 Rf8 46. Rhh2 Rh8 47. Qf3 Rf8 48. Rh1 Rb8 49. Qg4 Rh8 50. Ke2 Rd8 51. Rf5 Rf8 52. Kd3 Rb8 53. Rh4 Rd8 54. Qf3 Rb8 55. Rg4 Rd8 56. Rg6 Rb8 57. Bxh6 gxh6 58. Qe3 Nxf5 59. Bxf5 Qxg6 60. Bxg6+ Kg7 61. Qf3 Rbd8 62. Qf5 Bd6 63. Qg4 Kh8 64. Ke3 Rg8 65. Kf3 Rgf8 66. Qe6 Kg7 67. Kg2 Kh8 68. Kh3 Kg7 69. Kh4 Kh8 70. Kg4 Kg7 71. Kf5 Kh8 72. Bf7 Rxf7 73. Qxf7 Rf8 74. Qd7 Bb8 75. Kg6 1-0

[Event "CAN-op U2000 (Pinnacle 48th CAN Op Ch)"]
[Site "Toronto CAN"]
[Date "2011.07.09"]
[Round "1"]
[White "Yang, Bryant"]
[Black "Johnson, Perry V"]
[Result "0-1"]
[WhiteElo "1618"]
[BlackElo "1846"]
[PlyCount "50"]
[GameId "2160767909707734"]
[EventDate "2011.07.09"]
[EventType "swiss"]
[EventRounds "9"]
[EventCountry "CAN"]
[SourceTitle "EXT 2022"]
[Source "ChessBase"]
[SourceDate "2021.10.06"]
[SourceVersion "1"]
[SourceVersionDate "2021.10.06"]
[SourceQuality "1"]

1. e4 e5 2. Nf3 Nc6 3. Nc3 Nf6 4. d4 Bb4 5. Nxe5 Nxe4 6. Qg4 Nxc3 7. Qxg7 Qf6 8. Qxf6 Ne4+ 9. c3 Nxf6 10. Nxc6 Bxc3+ 11. bxc3 dxc6 12. Bd3 O-O 13. f3 Bd7 14. Kf2 Rfe8 15. Bd2 Kg7 16. g4 Re7 17. Rhg1 Rae8 18. Rg3 Be6 19. Rh3 h5 20. Rg3 hxg4 21. fxg4 Bd5 22. g5 Ne4+ 23. Bxe4 Rxe4 24. Re3 Rf4+ 25. Ke2 Bc4+ 0-1

[Event "CAN-op U2000 (Pinnacle 48th CAN Op Ch)"]
[Site "Toronto CAN"]
[Date "2011.07.11"]
[Round "1"]
[White "Hunnersen, Mike"]
[Black "Siddeley, Hugh"]
[Result "0-1"]
[WhiteElo "1711"]
[BlackElo "1996"]
[PlyCount "98"]
[GameId "2160767909707735"]
[EventDate "2011.07.09"]
[EventType "swiss"]
[EventRounds "9"]
[EventCountry "CAN"]
[SourceTitle "EXT 2022"]
[Source "ChessBase"]
[SourceDate "2021.10.06"]
[SourceVersion "1"]
[SourceVersionDate "2021.10.06"]
[SourceQuality "1"]

1. Nf3 c5 2. c4 Nf6 3. Nc3 e6 4. d3 b6 5. Bf4 Be7 6. Nb5 d6 7. Qa4 O-O 8. e4 Bb7 9. Be2 Bc6 10. Qc2 a6 11. Nc3 b5 12. a3 Nbd7 13. O-O Qc7 14. Rac1 Qb7 15. Rfe1 bxc4 16. dxc4 Bxe4 17. Nxe4 Qxe4 18. Qd2 Qc6 19. Red1 e5 20. Bg3 Rab8 21. Nh4 g6 22. Qg5 Kh8 23. Rc2 Ng8 24. Qd2 f5 25. Nf3 Ngf6 26. h3 Ne4 27. Qc1 Rg8 28. Nd2 Nxg3 29. fxg3 Bg5 30. Qa1 Be3+ 31. Kh1 e4 32. Nf1 Bh6 33. b4+ Bg7 34. Qb1 Be5 35. Rcd2 Rb6 36. Ne3 Nf6 37. g4 Qc8 38. Nd5 Nxd5 39. Rxd5 Qf8 40. Rf1 Qc8 41. b5 Qe6 42. Qd1 Ra8 43. a4 axb5 44. axb5 f4 45. Qc2 e3 46. Qe4 Re8 47. g5 Qf5 48. Qxf5 gxf5 49. Ra1 Bxa1 0-1